Temas de museología. (Record no. 354)

MARC details
000 -LEADER
campo de control de longitud fija 01806cam a2200301 a 4500
001 - NÚMERO DE CONTROL
campo de control 4413805
005 - FECHA Y HORA DE LA ÚLTIMA TRANSACCIÓN
campo de control 20220326193305.0
008 - DATOS DE LONGITUD FIJA--INFORMACIÓN GENERAL
campo de control de longitud fija 990217s1997 ve a b 000 0 spa
010 ## - NÚMERO DE CONTROL DE LA BIBLIOTECA DEL CONGRESO
Número de control de LC 99174115
020 ## - NÚMERO INTERNACIONAL ESTÁNDAR DEL LIBRO
Número Internacional Estándar del Libro 9802381780
035 ## - NÚMERO DE CONTROL DEL SISTEMA
Número de control de sistema (OCoLC)ocm40926056
035 ## - NÚMERO DE CONTROL DEL SISTEMA
Número de control de sistema (NNC)4413805
040 ## - FUENTE DE CATALOGACIÓN
Centro catalogador/agencia de origen DLC
Centro/agencia transcriptor DLC
043 ## - CÓDIGO DE ÁREA GEOGRÁFICA
Código de área geográfica s-ve---
082 ## - NÚMERO DE LA CLASIFICACIÓN DECIMAL DEWEY
Número de clasificación 069.07
Número de ítem M986t
110 ## - ENTRADA PRINCIPAL--NOMBRE DE ENTIDAD CORPORATIVA
Nombre de entidad corporativa o nombre de jurisdicción como elemento de entrada Museo de Bellas Artes, Caracas- Fundación Cultural Chacao
9 (RLIN) 1685
245 00 - MENCIÓN DEL TÍTULO
Título Temas de museología.
260 ## - PUBLICACIÓN, DISTRIBUCIÓN, ETC.
Lugar de publicación, distribución, etc. Caracas :
Nombre del editor, distribuidor, etc. Fundación Museo de Bellas Artes,
Fecha de publicación, distribución, etc. c1997.
300 ## - DESCRIPCIÓN FÍSICA
Extensión 130 p. :
Otras características físicas ill. (some col.) ;
Dimensiones 22 cm.
490 1# - MENCIÓN DE SERIE
Mención de serie Serie Reflexiones en el Museo ;
Designación de volumen o secuencia no. 1
504 ## - NOTA DE BIBLIOGRAFÍA, ETC.
Nota de bibliografía, etc. Includes bibliographical references.
505 ## - NOTA DE CONTENIDO CON FORMATO
Título Museos de Arte:Reflexiones sobre el perfil
Mención de responsabilidad Maria Elena Ramos, Iris Peruga
Título Ponencia Presentada ante el seminario "la gestión cultural de los 90"
Mención de responsabilidad Maria Elena Ramos
Título El sentido de los museos
Mención de responsabilidad Maria Elena Ramos, Iris Peruga
Título El museo de Arte y la colección ideal
Mención de responsabilidad Jose Antonio Navarrete
Título El museo Juega a la carta de la actualidad
Mención de responsabilidad Carmen Hernandez
Título Curadores y "curadores", he aqui el dilema
Mención de responsabilidad Iris Peruga
Título La educación en un Museo de arte Universal: Experimento para la formación interdiciplinaria
Mención de responsabilidad Maria Elena Ramos
Título La Visita Guiada: una propuesta de educación a través del arte
Mención de responsabilidad Jose Ignacio Herrera
Título Amistad a la luz de la crisis
Mención de responsabilidad Maria Elena Ramos
Título Una Propuesta metodológica para el catalogo razonado de las colecciones de pintura, escultura, ensamble e instalación.
Mención de responsabilidad Jose Antonio Navarrete
650 #0 - PUNTO DE ACCESO ADICIONAL DE MATERIA--TÉRMINO DE MATERIA
Término de materia o nombre geográfico como elemento de entrada Art museums
Subdivisión geográfica Venezuela
Subdivisión general Administration.
9 (RLIN) 1686
650 #0 - PUNTO DE ACCESO ADICIONAL DE MATERIA--TÉRMINO DE MATERIA
Término de materia o nombre geográfico como elemento de entrada Art museums
Subdivisión general Educational aspects
Subdivisión geográfica Venezuela.
9 (RLIN) 1687
710 2# - ENTRADA AGREGADA--NOMBRE DE ENTIDAD CORPORATIVA
Nombre de entidad corporativa o nombre de jurisdicción como elemento de entrada Museo de Bellas Artes (Venezuela)
9 (RLIN) 1509
830 #0 - PUNTO DE ACCESO ADICIONAL DE SERIE-TÍTULO UNIFORME
Título uniforme Serie Reflexiones en el Museo ;
Designación de volumen o secuencia no. 1.
9 (RLIN) 1688
Holdings
Estatus retirado Estado de pérdida Fuente del sistema de clasificación o colocación Estado de daño No para préstamo Biblioteca de origen Biblioteca actual Ubicación en estantería Fecha de adquisición Total de préstamos Signatura topográfica completa Código de barras Visto por última vez Precio de reemplazo Tipo de ítem Koha
    Clasificación Decimal Dewey     Biblioteca LadoV Biblioteca LadoV   20/11/2014   069.07 M986t 000361 20/11/2014 20/11/2014 Material 01